Central Library OPAC University of Rajshahi

Christians and Christianity in India and Pakistan : (Record no. 31616)

MARC details
000 -LEADER
fixed length control field 00873nam a2200265 a 4500
001 - CONTROL NUMBER
control field 31616
003 - CONTROL NUMBER IDENTIFIER
rucl marc code BD-RjUL
005 - DATE AND TIME OF LATEST TRANSACTION
control field 20211209051727.0
008 - FIXED-LENGTH DATA ELEMENTS--GENERAL INFORMATION
fixed length control field 140421s1954 enka 001 0 eng
035 ## - SYSTEM CONTROL NUMBER
System control number (BD-RjUL) 31704
040 ## - CATALOGING SOURCE
Original cataloging agency ID
Language of cataloging eng
Transcribing agency ID
Modifying agency ID
-- BD-RjUL
041 ## - LANGUAGE CODE
Language code of text/sound track or separate title eng
082 04 - DEWEY DECIMAL CLASSIFICATION NUMBER
Classification number 275.47
Author mark and year THC 1954
100 1# - MAIN ENTRY--PERSONAL NAME
Personal name Thomas, P.
9 (RLIN) 96221
245 10 - TITLE STATEMENT
Title Christians and Christianity in India and Pakistan :
Remainder of title a general survey of the progress of Christianity in India from apostolic times to the present day /
Statement of responsibility, etc. by P. Thomas.
260 ## - PUBLICATION, DISTRIBUTION, ETC. (IMPRINT)
Place of publication, distribution, etc. London :
Name of publisher, distributor, etc. Allen & Unwin,
Date of publication, distribution, etc. c 1954.
300 ## - PHYSICAL DESCRIPTION
Pagination 260 p., [7] p. of plates :
Illustrations ill. ;
Size 23 cm.
500 ## - GENERAL NOTE
General note Includes index.
504 ## - BIBLIOGRAPHY, ETC. NOTE
Bibliography, etc Bibliography: p. 245.
650 #0 - SUBJECT ADDED ENTRY--TOPICAL TERM
Topical term or geographic name as entry element Christians in India.
9 (RLIN) 96222
651 #0 - SUBJECT ADDED ENTRY--GEOGRAPHIC NAME
Geographic name India
General subdivision Church history.
9 (RLIN) 95597
942 ## - ADDED ENTRY ELEMENTS (KOHA)
Source of classification or shelving scheme Dewey Decimal Classification
Koha item type Books
Holdings
Lost status Source of classification or shelving scheme Damaged status Not for loan Permanent Location Current Location Shelving location Date acquired Source of acquisition Cost, normal purchase price Total Checkouts Full call number Date last seen Copy number Koha item type
  Dewey Decimal Classification   Not For Loan Central Library, University of Rajshahi Central Library, University of Rajshahi Reading Room 30/11/1957 Pak.American commarcial 13.80   275.47 THC 1954 21/04/2014 C-1 Books
  Dewey Decimal Classification     Central Library, University of Rajshahi Central Library, University of Rajshahi   06/04/1956 A.B.C 14.10   275.47 THC 1954 21/04/2014 C-2 Books